00472nam a2200193 a 4500001001300000003000900013005001700022008004100039020000800080082001600088100001400104245002500118260004000143300000900183500003500192505001000227650002700237700001400264nice12345678IN_TiNIC20260116011344.0050524s1936 lona grp 000 0 eng  ac000a231.76bBUT aButler, B aAlalogy of Religion. aLondonbJ. M. Dent & Sons Ltdc1936 a273p aincludes index and biblioraphy2 aIndex aPhilosophical-Theology1 aButler, B